000 01043nam a22002417a 4500
001 BRCA_9385
003 FranzMayer
005 20230918124307.0
008 230901b |||||||| |||| 00| 0 eng d
040 _aMFM
_bESPAÑOL
_cMFM
050 0 _aF1201
_bO78 2008
100 1 _4Autor
_aOrtiz Macedo, Luis
_929461
240 _aBoletín del instituto de investigaciones bibliográficas nueva época vol VII, nums 1 y 2
_hGremios y cofradías de los arquitectos novohispanos
_lEspañol
245 0 _aBoletín del instituto de investigaciones bibliográficas nueva época vol VII, nums 1 y 2
_bGremios y cofradías de los arquitectos novohispanos
260 _aMéxico
_bUNAM
_c2008
300 _a84 p
_bIlustraciones
_c23 cm
500 _aAnexo 1
500 _aEl boletín contiene una dedicatoria y un tarjeta al inicio del mismo
505 _aTexto en: españolDirigido a: historiadores
650 1 _2Gremios
_aCofradias
_vAsociaciones
_929462
651 2 _2Nueva España
_aNovohispanos
_vArquitectos novohispanos
_929463
942 _2lcc
_cH
999 _c11007
_d11007